|
|
|
|
| LEADER |
00000nam0a2200000 4500 |
| 001 |
50677 |
| 005 |
20231031033357.0 |
| 010 |
|
|
|a 5222026604
|
| 035 |
|
|
|a (RuTPU)RU\TPU\book\53057
|
| 090 |
|
|
|a 50677
|
| 100 |
|
|
|a 20030418d2002 m y0rusy50 ca
|
| 101 |
0 |
|
|a rus
|
| 102 |
|
|
|a RU
|
| 105 |
|
|
|a a j 001zy
|
| 200 |
1 |
|
|a Менеджмент организации: современные технологии
|e учебное пособие
|f Е. А. Ахмедова, Т. Ю. Анопченко, Г. А. Болошин и др.
|g Под ред. Н. Г. Кузнецова, И. Ю. Солдатовой
|
| 210 |
|
|
|a Ростов-на-Дону
|c Феникс
|d 2002
|
| 215 |
|
|
|a 479 с.
|c ил.
|
| 225 |
1 |
|
|a Учебники и учебные пособия
|
| 225 |
1 |
|
|a Высшее образование
|
| 320 |
|
|
|a Библиогр.: с. 472-477.
|
| 610 |
1 |
|
|a экономика
|
| 610 |
1 |
|
|a управление
|
| 610 |
1 |
|
|a организации
|
| 610 |
1 |
|
|a менеджмент
|
| 610 |
1 |
|
|a технологии
|
| 610 |
1 |
|
|a стратегический менеджмент
|
| 610 |
1 |
|
|a маркетинг
|
| 610 |
1 |
|
|a корпоративное управление
|
| 610 |
1 |
|
|a связи с общественностью
|
| 610 |
1 |
|
|a управление качеством
|
| 610 |
1 |
|
|a коммуникационные технологии
|
| 610 |
1 |
|
|a реклама
|
| 610 |
1 |
|
|a интернет-маркетинг
|
| 610 |
1 |
|
|a финансовый менеджмент
|
| 610 |
1 |
|
|a контроллинг
|
| 610 |
1 |
|
|a учебные пособия
|
| 686 |
|
|
|a У9(2)212я73
|v LBC/SL-A
|2 rubbk
|
| 701 |
|
1 |
|a Ахмедова
|b Е. А.
|
| 701 |
|
1 |
|a Анопченко
|b Т. Ю.
|
| 701 |
|
1 |
|a Болошин
|b Г. А.
|
| 701 |
|
1 |
|a Борисова
|b В. В.
|
| 701 |
|
1 |
|a Григан
|b А. М.
|
| 702 |
|
1 |
|a Кузнецов
|b Н. Г.
|4 340
|
| 702 |
|
1 |
|a Солдатова
|b И. Ю.
|4 340
|
| 801 |
|
1 |
|a RU
|b 63413507
|c 20030418
|g PSBO
|
| 801 |
|
2 |
|a RU
|b 63413507
|c 20121009
|g PSBO
|
| 900 |
|
|
|a Менеджмент
|
| 942 |
|
|
|c BK
|
| 952 |
|
|
|a 521500
|b 061100
|